Metal Covers - Statistics

General Stats
  • This quiz has been taken 135 times
  • The average score is 7 of 15
Answer Stats
Song Covered By Original Artist % Correct
Holy Diver Killswitch Engage Dio
89%
Stayin' Alive Ozzy Osbourne & Dweezil Zappa Bee-Gees
88%
The Immigrant Song Demons and Wizards Led Zeppelin
82%
Sweet Dreams (Are Made of These) Marilyn Manson Eurythmics
75%
What a Wonderful World Ministry Louis Armstrong
66%
Land of Confusion Disturbed Genesis
54%
Relax Powerman 5000 Frankie Goes to Hollywood
47%
Blue Monday Orgy New Order
43%
You Spin Me Round (Like a Record) Dope Dead or Alive
42%
Welcome to the Machine Shadows Fall Pink Floyd
41%
The Green Manalishi (with the Two-Pronged Crown) Judas Priest Fleetwood Mac
30%
Transylvania Iced Earth Iron Maiden
26%
Cars Fear Factory Gary Numan
25%
Lowrider Korn War
25%
Renegades of Funk Rage Against the Machine Afrika Bambaataa & Soulsonic Force
7%
No matching quizzes found
Score Distribution
Percent of People with Each Score
Percentile by Number Answered
Your Score History
You have not taken this quiz